Správa portfólia dlhopisov

Metódy riadenia portfólia dlhopisov je možné rozdeliť do dvoch vetví na pasívne a aktívne. Pasívne metódy vychádzajú z predpokladu, že trhy dlhopisov sú dokonalé v polosilnej forme, čiže v cenách dlhopisov sa odrážajú všetky verejne dostupné informácie a investori veria, že obligácie sú správne ohod...

ver descrição completa

Na minha lista:
Detalhes bibliográficos
Autor principal: Šturc, Boris, 1961-
Outros Autores: Koreňová, Lucia
Formato: Capítulo de Livro
Idioma:eslovaco
Assuntos:
Tags: Adicionar Tag
Sem tags, seja o primeiro a adicionar uma tag!

MARC

LEADER 00000nla$a2200000$$$4500
001 0129287
005 20231121083539.8
041 0 |a slo 
044 |a SK 
245 1 0 |a Správa portfólia dlhopisov  |c Boris Šturc, Lucia Koreňová 
520 |a Metódy riadenia portfólia dlhopisov je možné rozdeliť do dvoch vetví na pasívne a aktívne. Pasívne metódy vychádzajú z predpokladu, že trhy dlhopisov sú dokonalé v polosilnej forme, čiže v cenách dlhopisov sa odrážajú všetky verejne dostupné informácie a investori veria, že obligácie sú správne ohodnotené, ak očakávaná výnosnosť odpovedá miere rizika. Keďže nevzniká priestor na nesprávne ohodnotenie, nevzniká ani priestor na špekulácie alebo nadmerné výnosy. Hlavnou stratégiou v pasívnom riadení portfólia je zabezpečenie portfólia proti nepriaznivým výkyvom budúcej úrokovej sadzby. 
610 2 0 |a portfólio 
610 2 0 |a dlhopisy 
610 2 0 |a sadzby úrokové 
610 2 0 |a investori 
610 2 0 |a riadenie 
100 1 |a Šturc, Boris, 1961- 
700 1 |a Koreňová, Lucia